| 000 | 00960nmm a2200301 i 4500 | ||
|---|---|---|---|
| 001 | bg | ||
| 245 | 0 | 0 |
_aMultimedialny słownik niemiecko-polski polsko-niemiecki PWN _h[Dokument elektroniczny]. |
| 246 | 1 | _aSłownik niemiecko-polski polsko-niemiecki PWN | |
| 254 | _aMultimedia interakcyjne. | ||
| 260 |
_aWarszawa : _bWydawnictwo Naukowe PWN, _c2006. |
||
| 300 |
_a1 dysk optyczny (CD-ROM) : _bdźw., kolor ; _c12 cm. |
||
| 500 | _aTyt. z etykiety nośnika. | ||
| 655 | 4 | _aSłowniki niemiecko-polskie | |
| 655 | 4 | _aSłowniki polsko-niemieckie | |
| 655 | 4 | _aSłowniki multimedialne | |
| 655 | 4 | _aDokumenty elektroniczne | |
| 020 | _a9788360147412 | ||
| 020 | _a8360147418 | ||
| 041 | 0 |
_apol _ager |
|
| 044 | _aPOL | ||
| 080 | _a811.162.1:811.112.2'374 | ||
| 080 | _a811.112.2:811.162.1'374 | ||
| 080 | _a(0.034.44) | ||
| 920 | _a978-83-60147-41-2 | ||
| 920 | _a83-60147-41-8 | ||
| 942 | _cCD | ||
| 008 | 130104s2006 pl a d |000 0 pol | ||
| 999 |
_c53786 _d53786 |
||